[Event "14e Tournoi des 55 ans et plus de Muret"]
[Site "MURET (31)"]
[Date "2015.06.26"]
[Round "5.6"]
[White "Gregory, Daniel"]
[Black "Hocher, Eugene"]
[Result "0-1"]
[WhiteElo "2055"]
[BlackElo "1591"]
[PlyCount "134"]
[EventDate "2015.??.??"]

1. e4 e6 2. d4 d5 3. Nd2 Nf6 4. e5 Nfd7 5. Bd3 c5 6. c3 Qb6 7. Ne2 Nc6 8. Nf3
cxd4 9. cxd4 Nb4 10. Bb1 Be7 11. O-O Nf8 12. Ng3 Ng6 13. Re1 Bd7 14. a3 Nc6 15.
b4 a5 16. b5 Qxb5 17. Bd3 Qb6 18. Rb1 Qa7 19. Nh5 O-O 20. Bc2 Rfc8 21. Qd3 a4
22. Nf4 Rc7 23. h4 Nf8 24. Be3 Qa6 25. Red1 Qxd3 26. Rxd3 Na5 27. Bd1 Nc4 28.
Bc1 Rac8 29. Ne2 Na5 30. Bd2 Nc4 31. Bb4 Bxb4 32. Rxb4 b5 33. h5 Na5 34. Nd2 h6
35. Kh2 Nh7 36. f4 f6 37. Nf3 Rc4 38. Rb2 f5 39. Kh3 Kf7 40. Nh4 Nf8 41. g4
fxg4+ 42. Kxg4 Rb8 43. Bc2 b4 44. axb4 Rcxb4 45. Rxb4 Rxb4 46. Nc3 a3 47. Na2
Rb2 48. Rxa3 Nc4 49. Bg6+ Ke7 50. Ra7 Ne3+ 51. Kf3 Nc4 52. f5 Rb3+ 53. Kf4 Rb8
54. Nc3 Kd8 55. Bf7 exf5 56. Nxd5 Be6 57. Nxf5 Bxf7 58. Rxf7 Ne6+ 59. Kg4 Rb1
60. Ra7 Rg1+ 61. Kf3 Rf1+ 62. Ke4 Ng5+ 63. Kd3 Nxe5+ 64. dxe5 Rxf5 65. Rxg7
Rxe5 66. Nf6 Ra5 67. Kd4 Ne6+ 0-1

[Event "14e Tournoi des 55 ans et plus de Muret"]
[Site "MURET (31)"]
[Date "2015.06.26"]
[Round "5.7"]
[White "Bonnal, Louis"]
[Black "Maruejols, Claude"]
[Result "0-1"]
[WhiteElo "1635"]
[BlackElo "1954"]
[PlyCount "46"]
[EventDate "2015.??.??"]

1. e4 c5 2. Nf3 d6 3. d4 cxd4 4. Nxd4 Nf6 5. Nc3 a6 6. Bg5 e6 7. f4 Be7 8. Qf3
h6 9. Bxf6 Bxf6 10. O-O-O Qc7 11. Kb1 Nc6 12. Nb3 b5 13. a3 b4 14. axb4 Nxb4
15. e5 Bb7 16. Qe3 dxe5 17. fxe5 Bxe5 18. Nc5 Bd5 19. Nxd5 Nxd5 20. Qa3 O-O 21.
Nxa6 Qb6 22. Qb3 Rxa6 23. Bxa6 Qxa6 0-1

[Event "14e Tournoi des 55 ans et plus de Muret"]
[Site "MURET (31)"]
[Date "2015.06.26"]
[Round "5.8"]
[White "Koenig, Joel"]
[Black "Orlovic, Isa"]
[Result "1-0"]
[WhiteElo "1854"]
[BlackElo "1868"]
[PlyCount "87"]
[EventDate "2015.??.??"]

1. Nc3 {[%emt 0:00:00]} d5 2. e4 dxe4 3. Nxe4 Nf6 4. Ng3 g6 5. Bc4 Bg7 6. Nf3
c6 7. d4 Qc7 8. c3 O-O 9. O-O Bg4 10. Re1 e6 11. h3 Bxf3 12. Qxf3 Nd5 13. Bb3
a5 14. a3 a4 15. Ba2 Qa5 16. Bd2 b5 17. Ne4 Qc7 18. Bg5 Nd7 19. Bh4 Qf4 20.
Qxf4 Nxf4 21. Rad1 Nb6 22. Nd6 Nfd5 23. Rd3 Ra7 24. Rf3 Rfa8 25. Rd3 Bf8 26.
Bg3 Bxd6 27. Bxd6 Nc4 28. Bc5 Rb7 29. Bxc4 bxc4 30. Rd2 Nf4 31. Bb4 Nd3 32. Re3
Rd8 33. Re4 Rd5 34. Kf1 c5 35. dxc5 Nxb4 36. Rxd5 Nxd5 37. Rxc4 Rxb2 38. c6 Rb8
39. Ke2 Kf8 40. Kd3 Rc8 41. Kd4 Nb6 42. Rc5 Ke7 43. g4 Kd6 44. c7 1-0

[Event "14e Tournoi des 55 ans et plus de Muret"]
[Site "MURET (31)"]
[Date "2015.06.26"]
[Round "5.9"]
[White "De Lagontrie, Jean"]
[Black "Parpinel, Mario"]
[Result "1-0"]
[WhiteElo "1782"]
[BlackElo "1612"]
[PlyCount "119"]
[EventDate "2015.??.??"]

1. d4 {[%emt 0:00:00]} Nf6 2. Nf3 g6 3. c4 Bg7 4. Nc3 O-O 5. e4 d6 6. Be2 c6 7.
O-O Re8 8. h3 Nbd7 9. Be3 e5 10. d5 cxd5 11. cxd5 b6 12. Bb5 Rb8 13. Qe2 Re7
14. b4 Nh5 15. g3 Nf8 16. Kh2 f5 17. Bg5 Bf6 18. Rac1 Rc7 19. Bxf6 Nxf6 20. Bc6
fxe4 21. Ng5 Ng4+ 22. hxg4 Qxg5 23. Nxe4 Bxg4 24. Qxg4 Qxg4 25. Nf6+ Kg7 26.
Nxg4 Rbc8 27. b5 h6 28. f3 Nh7 29. Nf2 Nf6 30. Nd3 e4 31. Nf4 Kh7 32. Ne6 Re7
33. fxe4 Ng4+ 34. Kg1 Kg8 35. Rc3 Ne5 36. Rf6 Rf7 37. Rxf7 Kxf7 38. Rc1 Nf3+
39. Kg2 Nd2 40. Re1 Kf6 41. Re2 Nc4 42. Bd7 Rh8 43. Nd4 Rd8 44. Be6 Ra8 45. Nc6
h5 46. Rf2+ Kg5 47. Rf7 a5 48. bxa6 Rxa6 49. Ra7 Rxa7 50. Nxa7 Kf6 51. Kf3 Nd2+
52. Ke3 Nf1+ 53. Kd3 Nxg3 54. Nc8 Ke5 55. Nxb6 Nxe4 56. Nc4+ Kf4 57. Bf7 h4 58.
Bxg6 Nf2+ 59. Ke2 Kg3 60. Nxd6 1-0

[Event "14e Tournoi des 55 ans et plus de Muret"]
[Site "MURET (31)"]
[Date "2015.06.26"]
[Round "5.10"]
[White "Fora, Jean-Paul"]
[Black "Auge, Jean"]
[Result "1-0"]
[WhiteElo "1533"]
[BlackElo "1745"]
[PlyCount "33"]
[EventDate "2015.??.??"]

1. b4 {[%emt 0:00:00]} e5 2. Bb2 d5 3. Bxe5 Bxb4 4. Bxg7 Nf6 5. Bxh8 Ke7 6.
Bxf6+ Kxf6 7. e3 Be6 8. a3 Bd6 9. Qh5 Kg7 10. d4 Nd7 11. Bd3 Nf6 12. Qd1 c5 13.
c3 Qb6 14. Qc2 h6 15. Be2 cxd4 16. Nf3 dxc3 17. Qxc3 1-0

[Event "14e Tournoi des 55 ans et plus de Muret"]
[Site "MURET (31)"]
[Date "2015.06.26"]
[Round "5.11"]
[White "Schrader, Edmond"]
[Black "Orlovic, Lucie"]
[Result "1-0"]
[WhiteElo "1673"]
[BlackElo "1019"]
[PlyCount "61"]
[EventDate "2015.??.??"]

1. e4 e5 2. Nf3 Nf6 3. Nc3 Nc6 4. Bb5 Bb4 5. O-O O-O 6. d3 d6 7. Bg5 Bd7 8. Nd5
Kh8 9. Bxc6 Bxc6 10. Nxb4 h6 11. Nxc6 bxc6 12. Bh4 Rg8 13. Re1 g5 14. Bg3 Nh5
15. Nxe5 dxe5 16. Qxh5 Qf6 17. Qf3 Qxf3 18. gxf3 f6 19. Kh1 c5 20. Rg1 Kh7 21.
h4 h5 22. hxg5 h4 23. Bxh4 fxg5 24. Rxg5 Raf8 25. Rxg8 Rxg8 26. Rg1 Rf8 27. Rg3
Kh6 28. Be7 Rf7 29. Bxc5 Kh5 30. Kg2 Kh4 31. Bxa7 1-0

[Event "14e Tournoi des 55 ans et plus de Muret"]
[Site "MURET (31)"]
[Date "2015.06.26"]
[Round "5.12"]
[White "Heude, Jean-Noel"]
[Black "Lamory, Jacques"]
[Result "1-0"]
[WhiteElo "1370"]
[BlackElo "1170"]
[PlyCount "67"]
[EventDate "2015.??.??"]

1. d4 Nf6 2. c4 c6 3. Nc3 g6 4. Nf3 d6 5. g3 Nbd7 6. Bg2 Bg7 7. O-O O-O 8. Re1
Re8 9. e4 e5 10. Bg5 h6 11. Bxf6 Bxf6 12. d5 Nb6 13. b3 cxd5 14. cxd5 Bd7 15.
Qd2 a6 16. Qxh6 Bg7 17. Qe3 Rc8 18. Ng5 Bh6 19. f4 f6 20. Nf3 Re7 21. Rac1 Qf8
22. Nh4 exf4 23. gxf4 Qd8 24. Nxg6 Rg7 25. Nh4 Bg4 26. Kh1 Nd7 27. Ne2 Nf8 28.
Bh3 Qd7 29. Nf5 Rg6 30. Bxg4 Rxg4 31. Nxh6+ Kg7 32. Nxg4 Qxg4 33. Rg1 Rxc1 34.
Qxc1 1-0

[Event "14e Tournoi des 55 ans et plus de Muret"]
[Site "MURET (31)"]
[Date "2015.06.22"]
[Round "6.2"]
[White "Milnes, Anthony C P"]
[Black "Riviere, Gerard"]
[Result "1-0"]
[WhiteElo "2022"]
[BlackElo "1837"]
[Annotator ",cash31"]
[PlyCount "103"]
[EventDate "2015.??.??"]

1. f4 {[%emt 0:00:00]} g6 {[%emt 0:00:00]} 2. Nf3 {[%emt 0:00:00]} Bg7 {
[%emt 0:00:00]} 3. e4 {[%emt 0:00:00]} c5 {[%emt 0:00:00]} 4. Nc3 {
[%emt 0:00:00]} Nc6 {[%emt 0:00:00]} 5. Bb5 {[%emt 0:00:00]} Nd4 {
[%emt 0:00:00]} 6. O-O {[%emt 0:00:00]} a6 {[%emt 0:00:00]} 7. Bd3 {
[%emt 0:00:00]} e6 {[%emt 0:00:00]} 8. f5 {[%emt 0:00:00]} Ne7 {[%emt 0:00:00]}
9. Nxd4 {[%emt 0:00:00]} Bxd4+ {[%emt 0:00:00]} 10. Kh1 {[%emt 0:00:00]} Nc6 {
[%emt 0:00:00]} 11. Ne2 {[%emt 0:00:00]} Be5 {[%emt 0:00:00]} 12. Nf4 {
[%emt 0:00:00]} exf5 {[%emt 0:00:00]} 13. exf5 {[%emt 0:00:00]} d5 {
[%emt 0:00:00]} 14. c3 {[%emt 0:00:00]} Qd6 {[%emt 0:00:00]} 15. Qf3 {
[%emt 0:00:00]} Bxf4 {[%emt 0:00:00]} 16. Qxf4 {[%emt 0:00:00]} Qxf4 {
[%emt 0:00:00]} 17. Rxf4 {[%emt 0:00:00]} Ne5 {[%emt 0:00:00]} 18. Bc2 {
[%emt 0:00:00]} gxf5 {[%emt 0:00:00]} 19. Bxf5 {[%emt 0:00:00]} Be6 {
[%emt 0:00:00]} 20. d4 {[%emt 0:00:00]} cxd4 {[%emt 0:00:00]} 21. cxd4 {
[%emt 0:00:00]} Nc4 {[%emt 0:00:00]} 22. b3 {[%emt 0:00:00]} Nd6 {
[%emt 0:00:00]} 23. Bd3 {[%emt 0:00:00]} Rc8 {[%emt 0:00:00]} 24. Bb2 {
[%emt 0:00:00]} h5 {[%emt 0:00:00]} 25. Re1 {[%emt 0:00:00]} Kd7 {
[%emt 0:00:00]} 26. Re5 {[%emt 0:00:00]} Rce8 {[%emt 0:00:00]} 27. h4 {
[%emt 0:00:00]} Reg8 {[%emt 0:00:00]} 28. Be2 {[%emt 0:00:00]} Ne4 {
[%emt 0:00:00]} 29. Kh2 {[%emt 0:00:00]} Ng3 {[%emt 0:00:00]} 30. Bf3 {
[%emt 0:00:00]} Nf1+ {[%emt 0:00:00]} 31. Kg1 {[%emt 0:00:00]} Ng3 {
[%emt 0:00:00]} 32. Kf2 {[%emt 0:00:00]} Nh1+ {[%emt 0:00:00]} 33. Ke1 {
[%emt 0:00:00]} Rg4 {[%emt 0:00:00]} 34. Bxg4 {[%emt 0:00:00]} hxg4 {
[%emt 0:00:00]} 35. Rxe6 {[%emt 0:00:00]} fxe6 {[%emt 0:00:00]} 36. Rxg4 {
[%emt 0:00:00]} Rf8 {[%emt 0:00:00]} 37. h5 {[%emt 0:00:00]} Nf2 {
[%emt 0:00:00]} 38. Rg7+ {[%emt 0:00:00]} Kc6 {[%emt 0:00:00]} 39. Ba3 {
[%emt 0:00:00]} Rf6 {[%emt 0:00:00]} 40. Be7 {[%emt 0:00:00]} Rf5 {
[%emt 0:00:00]} 41. h6 {[%emt 0:00:00]} Ne4 {[%emt 0:00:00]} 42. g4 {
[%emt 0:00:00]} Rf2 {[%emt 0:00:00]} 43. h7 {[%emt 0:00:00]} Rh2 {
[%emt 0:00:00]} 44. g5 {[%emt 0:00:00]} Rh1+ {[%emt 0:00:00]} 45. Ke2 {
[%emt 0:00:00]} Ng3+ {[%emt 0:00:00]} 46. Kf3 {[%emt 0:00:00]} Nf5 {
[%emt 0:00:00]} 47. Rf7 {[%emt 0:00:00]} Rf1+ {[%emt 0:00:00]} 48. Ke2 {
[%emt 0:00:00]} Ng3+ {[%emt 0:00:00]} 49. Kd3 {[%emt 0:00:00]} Rxf7 {
[%emt 0:00:00]} 50. h8=Q {[%emt 0:00:00]} Rxe7 {[%emt 0:00:00]} 51. Qc8+ {
[%emt 0:00:00]} Kd6 {[%emt 0:00:07]} 52. Qd8+ {[%emt 0:00:00]} 1-0



*

[Event "14e Tournoi des 55 ans et plus de Muret"]
[Site "MURET (31)"]
[Date "2015.06.22"]
[Round "6.4"]
[White "Ruch, Bernard"]
[Black "Tholey, Jean-Paul"]
[Result "1-0"]
[WhiteElo "1981"]
[BlackElo "1845"]
[Annotator ",cash31"]
[PlyCount "95"]
[EventDate "2015.??.??"]

1. d4 {[%emt 0:00:00]} Nf6 {[%emt 0:00:00]} 2. Nf3 {[%emt 0:00:00]} g6 {
[%emt 0:00:00]} 3. Nbd2 {[%emt 0:00:00]} d5 {[%emt 0:00:00]} 4. e3 {
[%emt 0:00:00]} Bg7 {[%emt 0:00:00]} 5. Bd3 {[%emt 0:00:00]} c5 {[%emt 0:00:00]
} 6. c3 {[%emt 0:00:00]} cxd4 {[%emt 0:00:00]} 7. exd4 {[%emt 0:00:00]} Nc6 {
[%emt 0:00:00]} 8. O-O {[%emt 0:00:00]} O-O {[%emt 0:00:00]} 9. Re1 {
[%emt 0:00:00]} Qc7 {[%emt 0:00:00]} 10. Nf1 {[%emt 0:00:00]} Nh5 {
[%emt 0:00:00]} 11. Bg5 {[%emt 0:00:00]} Bf6 {[%emt 0:00:00]} 12. Qd2 {
[%emt 0:00:00]} Bg4 {[%emt 0:00:02]} 13. Bxf6 {[%emt 0:00:00]} exf6 {
[%emt 0:00:00]} 14. Re3 {[%emt 0:00:00]} Rfe8 {[%emt 0:00:00]} 15. Rae1 {
[%emt 0:00:00]} Re6 {[%emt 0:00:00]} 16. h3 {[%emt 0:00:00]} Bxf3 {
[%emt 0:00:00]} 17. Rxf3 {[%emt 0:00:00]} f5 {[%emt 0:00:00]} 18. g3 {
[%emt 0:00:00]} Rae8 {[%emt 0:00:00]} 19. Rfe3 {[%emt 0:00:00]} f4 {
[%emt 0:00:00]} 20. Rxe6 {[%emt 0:00:00]} Rxe6 {[%emt 0:00:00]} 21. g4 {
[%emt 0:00:00]} Nf6 {[%emt 0:00:00]} 22. f3 {[%emt 0:00:00]} g5 {[%emt 0:00:00]
} 23. Bf5 {[%emt 0:00:00]} Rxe1 {[%emt 0:00:00]} 24. Qxe1 {[%emt 0:00:00]} Qe7
{[%emt 0:00:00]} 25. Kf2 {[%emt 0:00:00]} Qxe1+ {[%emt 0:00:00]} 26. Kxe1 {
[%emt 0:00:00]} Kf8 {[%emt 0:00:00]} 27. Nd2 {[%emt 0:00:00]} Ke7 {
[%emt 0:00:00]} 28. Nb3 {[%emt 0:00:00]} Kd6 {[%emt 0:00:00]} 29. Nc1 {
[%emt 0:00:00]} Ne7 {[%emt 0:00:00]} 30. Bc2 {[%emt 0:00:00]} h5 {
[%emt 0:00:00]} 31. b3 {[%emt 0:00:00]} hxg4 {[%emt 0:00:00]} 32. hxg4 {
[%emt 0:00:00]} Nd7 {[%emt 0:00:00]} 33. c4 {[%emt 0:00:00]} Ke6 {
[%emt 0:00:00]} 34. Ne2 {[%emt 0:00:00]} dxc4 {[%emt 0:00:00]} 35. bxc4 {
[%emt 0:00:00]} f5 {[%emt 0:00:00]} 36. Nc3 {[%emt 0:00:00]} fxg4 {
[%emt 0:00:00]} 37. fxg4 {[%emt 0:00:00]} Nf6 {[%emt 0:00:00]} 38. Bd1 {
[%emt 0:00:00]} Neg8 {[%emt 0:00:00]} 39. Bf3 {[%emt 0:00:00]} Nh6 {
[%emt 0:00:00]} 40. Bxb7 {[%emt 0:00:00]} Nhxg4 {[%emt 0:00:00]} 41. Bc8+ {
[%emt 0:00:00]} Ke7 {[%emt 0:00:00]} 42. Bxg4 {[%emt 0:00:00]} Nxg4 {
[%emt 0:00:00]} 43. Nd5+ {[%emt 0:00:00]} Kd6 {[%emt 0:00:00]} 44. Ke2 {
[%emt 0:00:00]} Nh6 {[%emt 0:00:00]} 45. Kd3 {[%emt 0:00:00]} Nf5 {
[%emt 0:00:00]} 46. Nc3 {[%emt 0:00:00]} g4 {[%emt 0:00:00]} 47. Ke4 {
[%emt 0:00:00]} f3 {[%emt 0:00:00]} 48. Kxf5 {[%emt 0:00:00]} 1-0

*

[Event "14e Tournoi des 55 ans et plus de Muret"]
[Site "MURET (31)"]
[Date "2015.06.22"]
[Round "6.5"]
[White "Jean, Robert"]
[Black "Krauss, Michel"]
[Result "1/2-1/2"]
[WhiteElo "1778"]
[BlackElo "1960"]
[Annotator ",cash31"]
[PlyCount "80"]
[EventDate "2015.??.??"]

1. c4 {[%emt 0:00:00]} c6 {[%emt 0:00:00]} 2. g3 {[%emt 0:00:00]} d5 {
[%emt 0:00:00]} 3. Nf3 {[%emt 0:00:00]} Nf6 {[%emt 0:00:00]} 4. Bg2 {
[%emt 0:00:00]} e6 {[%emt 0:00:00]} 5. O-O {[%emt 0:00:00]} Bd6 {[%emt 0:00:00]
} 6. b3 {[%emt 0:00:00]} Nbd7 {[%emt 0:00:00]} 7. Bb2 {[%emt 0:00:00]} e5 {
[%emt 0:00:00]} 8. cxd5 {[%emt 0:00:00]} Nxd5 {[%emt 0:00:00]} 9. d3 {
[%emt 0:00:00]} O-O {[%emt 0:00:00]} 10. Nbd2 {[%emt 0:00:00]} Re8 {
[%emt 0:00:00]} 11. Rc1 {[%emt 0:00:00]} N5b6 {[%emt 0:00:00]} 12. Rc2 {
[%emt 0:00:00]} Nf6 {[%emt 0:00:00]} 13. Qa1 {[%emt 0:00:00]} Qe7 {
[%emt 0:00:00]} 14. Ng5 {[%emt 0:00:00]} Bf5 {[%emt 0:00:00]} 15. Nge4 {
[%emt 0:00:00]} Bxe4 {[%emt 0:00:00]} 16. Nxe4 {[%emt 0:00:00]} Nxe4 {
[%emt 0:00:00]} 17. dxe4 {[%emt 0:00:00]} a5 {[%emt 0:00:00]} 18. Qc1 {
[%emt 0:00:00]} a4 {[%emt 0:00:00]} 19. Qe3 {[%emt 0:00:00]} axb3 {
[%emt 0:00:00]} 20. axb3 {[%emt 0:00:00]} Nd7 {[%emt 0:00:00]} 21. Rd1 {
[%emt 0:00:00]} Bc7 {[%emt 0:00:00]} 22. Bh3 {[%emt 0:00:00]} Nf6 {
[%emt 0:00:00]} 23. Rcd2 {[%emt 0:00:00]} Qb4 {[%emt 0:00:00]} 24. Bg2 {
[%emt 0:00:00]} Bb6 {[%emt 0:00:00]} 25. Qd3 {[%emt 0:00:00]} Qe7 {
[%emt 0:00:00]} 26. Qc4 {[%emt 0:00:00]} h5 {[%emt 0:00:00]} 27. h4 {
[%emt 0:00:00]} Red8 {[%emt 0:00:00]} 28. Rxd8+ {[%emt 0:00:00]} Rxd8 {
[%emt 0:00:00]} 29. Rxd8+ {[%emt 0:00:00]} Qxd8 {[%emt 0:00:00]} 30. Qc2 {
[%emt 0:00:00]} Bd4 {[%emt 0:00:00]} 31. Bc1 {[%emt 0:00:00]} Qa5 {
[%emt 0:00:00]} 32. Bd2 {[%emt 0:00:00]} Qa1+ {[%emt 0:00:00]} 33. Qc1 {
[%emt 0:00:00]} Qxc1+ {[%emt 0:00:00]} 34. Bxc1 {[%emt 0:00:00]} Bc3 {
[%emt 0:00:00]} 35. Bf3 {[%emt 0:00:00]} Kf8 {[%emt 0:00:00]} 36. Bg5 {
[%emt 0:00:00]} Ng4 {[%emt 0:00:00]} 37. Bxg4 {[%emt 0:00:00]} hxg4 {
[%emt 0:00:00]} 38. f3 {[%emt 0:00:00]} gxf3 {[%emt 0:00:00]} 39. exf3 {
[%emt 0:00:00]} f6 {[%emt 0:00:00]} 40. Be3 {[%emt 0:00:00]} Bb4 {
[%emt 0:00:00]} 1/2-1/2

*

[Event "14e Tournoi des 55 ans et plus de Muret"]
[Site "MURET (31)"]
[Date "2015.06.22"]
[Round "6.6"]
[White "Maruejols, Claude"]
[Black "Hocher, Eugene"]
[Result "1/2-1/2"]
[WhiteElo "1954"]
[BlackElo "1591"]
[Annotator ",cash31"]
[PlyCount "111"]
[EventDate "2015.??.??"]

1. d4 {[%emt 0:00:00]} d5 {[%emt 0:00:00]} 2. c4 {[%emt 0:00:00]} e6 {
[%emt 0:00:00]} 3. Nc3 {[%emt 0:00:00]} c6 {[%emt 0:00:00]} 4. Nf3 {
[%emt 0:00:00]} Nf6 {[%emt 0:00:00]} 5. Bg5 {[%emt 0:00:00]} Be7 {
[%emt 0:00:00]} 6. e3 {[%emt 0:00:00]} O-O {[%emt 0:00:00]} 7. Rc1 {
[%emt 0:00:00]} Nbd7 {[%emt 0:00:00]} 8. cxd5 {[%emt 0:00:00]} exd5 {
[%emt 0:00:00]} 9. Bd3 {[%emt 0:00:00]} Re8 {[%emt 0:00:00]} 10. O-O {
[%emt 0:00:00]} h6 {[%emt 0:00:00]} 11. Bh4 {[%emt 0:00:00]} Nf8 {
[%emt 0:00:00]} 12. Qc2 {[%emt 0:00:00]} Bg4 {[%emt 0:00:00]} 13. Ne5 {
[%emt 0:00:00]} Bh5 {[%emt 0:00:00]} 14. a3 {[%emt 0:00:00]} N6d7 {
[%emt 0:00:00]} 15. Bg3 {[%emt 0:00:00]} Nxe5 {[%emt 0:00:00]} 16. Bxe5 {
[%emt 0:00:00]} Bg6 {[%emt 0:00:00]} 17. Bxg6 {[%emt 0:00:00]} Nxg6 {
[%emt 0:00:00]} 18. Bg3 {[%emt 0:00:00]} Nf8 {[%emt 0:00:00]} 19. b4 {
[%emt 0:00:00]} a6 {[%emt 0:00:00]} 20. Na4 {[%emt 0:00:00]} Nd7 {
[%emt 0:00:00]} 21. Nc5 {[%emt 0:00:00]} Qc8 {[%emt 0:00:00]} 22. Nxd7 {
[%emt 0:00:00]} Qxd7 {[%emt 0:00:00]} 23. Qb3 {[%emt 0:00:00]} Rec8 {
[%emt 0:00:00]} 24. Rc2 {[%emt 0:00:00]} a5 {[%emt 0:00:00]} 25. Rfc1 {
[%emt 0:00:00]} axb4 {[%emt 0:00:00]} 26. axb4 {[%emt 0:00:00]} Ra6 {
[%emt 0:00:00]} 27. f3 {[%emt 0:00:00]} Rca8 {[%emt 0:00:00]} 28. b5 {
[%emt 0:00:00]} Ra3 {[%emt 0:00:00]} 29. bxc6 {[%emt 0:00:00]} bxc6 {
[%emt 0:00:00]} 30. Qb6 {[%emt 0:00:00]} Rc8 {[%emt 0:00:00]} 31. Rc3 {
[%emt 0:00:00]} Rxc3 {[%emt 0:00:00]} 32. Rxc3 {[%emt 0:00:00]} Bd6 {
[%emt 0:00:00]} 33. Bxd6 {[%emt 0:00:00]} Qxd6 {[%emt 0:00:01]} 34. g3 {
[%emt 0:00:00]} f5 {[%emt 0:00:00]} 35. Qb7 {[%emt 0:00:00]} Qc7 {
[%emt 0:00:00]} 36. Qxc7 {[%emt 0:00:00]} Rxc7 {[%emt 0:00:00]} 37. Rc5 {
[%emt 0:00:00]} Kf7 {[%emt 0:00:00]} 38. e4 {[%emt 0:00:00]} fxe4 {
[%emt 0:00:00]} 39. fxe4 {[%emt 0:00:00]} dxe4 {[%emt 0:00:00]} 40. d5 {
[%emt 0:00:00]} Ke7 {[%emt 0:00:00]} 41. dxc6 {[%emt 0:00:00]} Kd6 {
[%emt 0:00:00]} 42. Rc4 {[%emt 0:00:00]} Kd5 {[%emt 0:00:00]} 43. Ra4 {
[%emt 0:00:00]} Rxc6 {[%emt 0:00:00]} 44. Ra7 {[%emt 0:00:00]} g5 {
[%emt 0:00:00]} 45. h4 {[%emt 0:00:00]} gxh4 {[%emt 0:00:00]} 46. gxh4 {
[%emt 0:00:00]} Rg6+ {[%emt 0:00:00]} 47. Kf2 {[%emt 0:00:00]} Rg4 {
[%emt 0:00:00]} 48. h5 {[%emt 0:00:00]} Rh4 {[%emt 0:00:00]} 49. Ra6 {
[%emt 0:00:00]} Kd4 {[%emt 0:00:00]} 50. Rd6+ {[%emt 0:00:00]} Ke5 {
[%emt 0:00:00]} 51. Rxh6 {[%emt 0:00:00]} Rf4+ {[%emt 0:00:00]} 52. Ke2 {
[%emt 0:00:00]} Rf3 {[%emt 0:00:00]} 53. Rh8 {[%emt 0:00:00]} Rh3 {
[%emt 0:00:00]} 54. h6 {[%emt 0:00:00]} Kf6 {[%emt 0:00:00]} 55. Re8 {
[%emt 0:00:00]} Rxh6 {[%emt 0:00:00]} 56. Rxe4 {[%emt 0:00:00]} 1/2-1/2

*

[Event "14e Tournoi des 55 ans et plus de Muret"]
[Site "MURET (31)"]
[Date "2015.06.22"]
[Round "6.7"]
[White "Fora, Jean-Paul"]
[Black "De Lagontrie, Jean"]
[Result "1-0"]
[WhiteElo "1533"]
[BlackElo "1782"]
[Annotator ",cash31"]
[PlyCount "59"]
[EventDate "2015.??.??"]

1. b4 {[%emt 0:00:00]} c6 {[%emt 0:00:00]} 2. Bb2 {[%emt 0:00:00]} a5 {
[%emt 0:00:00]} 3. a3 {[%emt 0:00:00]} axb4 {[%emt 0:00:00]} 4. axb4 {
[%emt 0:00:00]} Rxa1 {[%emt 0:00:00]} 5. Bxa1 {[%emt 0:00:00]} Qb6 {
[%emt 0:00:00]} 6. c3 {[%emt 0:00:00]} d5 {[%emt 0:00:00]} 7. e3 {
[%emt 0:00:00]} Nf6 {[%emt 0:00:00]} 8. Nf3 {[%emt 0:00:00]} Bf5 {
[%emt 0:00:00]} 9. Be2 {[%emt 0:00:00]} e6 {[%emt 0:00:00]} 10. O-O {
[%emt 0:00:00]} Bd6 {[%emt 0:00:00]} 11. Na3 {[%emt 0:00:00]} O-O {
[%emt 0:00:00]} 12. Nc2 {[%emt 0:00:00]} Nbd7 {[%emt 0:00:00]} 13. Nfd4 {
[%emt 0:00:00]} Bg6 {[%emt 0:00:00]} 14. f4 {[%emt 0:00:00]} e5 {[%emt 0:00:00]
} 15. fxe5 {[%emt 0:00:00]} Bxe5 {[%emt 0:00:00]} 16. Nf3 {[%emt 0:00:00]} Bd6
{[%emt 0:00:00]} 17. Nh4 {[%emt 0:00:00]} Qc7 {[%emt 0:00:00]} 18. Nf3 {
[%emt 0:00:00]} Ng4 {[%emt 0:00:00]} 19. h3 {[%emt 0:00:00]} Nge5 {
[%emt 0:00:00]} 20. Nxe5 {[%emt 0:00:00]} Bxe5 {[%emt 0:00:00]} 21. Ne1 {
[%emt 0:00:00]} Nf6 {[%emt 0:00:00]} 22. Nf3 {[%emt 0:00:00]} Bd6 {
[%emt 0:00:00]} 23. Nh4 {[%emt 0:00:00]} Bh2+ {[%emt 0:00:00]} 24. Kh1 {
[%emt 0:00:00]} Ne4 {[%emt 0:00:00]} 25. Nxg6 {[%emt 0:00:00]} Ng3+ {
[%emt 0:00:00]} 26. Kxh2 {[%emt 0:00:00]} Nxf1+ {[%emt 0:00:05]} 27. Kg1 {
[%emt 0:00:00]} Qh2+ {[%emt 0:00:06]} 28. Kxf1 {[%emt 0:00:00]} fxg6+ {
[%emt 0:00:00]} 29. Bf3 {[%emt 0:00:00]} Qxg2+ {[%emt 0:00:00]} 30. Kxg2 {
[%emt 0:00:00]} 1-0



*

[Event "14e Tournoi des 55 ans et plus de Muret"]
[Site "MURET (31)"]
[Date "2015.06.22"]
[Round "6.8"]
[White "Gregory, Daniel"]
[Black "Bonnal, Louis"]
[Result "1-0"]
[WhiteElo "2055"]
[BlackElo "1635"]
[Annotator ",cash31"]
[PlyCount "45"]
[EventDate "2015.??.??"]

1. Nf3 {[%emt 0:00:00]} Nf6 {[%emt 0:00:00]} 2. c4 {[%emt 0:00:00]} d6 {
[%emt 0:00:00]} 3. d4 {[%emt 0:00:00]} Nbd7 {[%emt 0:00:00]} 4. Nc3 {
[%emt 0:00:00]} e5 {[%emt 0:00:00]} 5. g3 {[%emt 0:00:00]} c6 {[%emt 0:00:00]}
6. Bg2 {[%emt 0:00:00]} Be7 {[%emt 0:00:00]} 7. Qc2 {[%emt 0:00:00]} O-O {
[%emt 0:00:00]} 8. O-O {[%emt 0:00:00]} Re8 {[%emt 0:00:00]} 9. Rd1 {
[%emt 0:00:00]} Bf8 {[%emt 0:00:00]} 10. e3 {[%emt 0:00:00]} Nb6 {
[%emt 0:00:00]} 11. dxe5 {[%emt 0:00:00]} Nfd7 {[%emt 0:00:00]} 12. exd6 {
[%emt 0:00:00]} Nxc4 {[%emt 0:00:00]} 13. Ne4 {[%emt 0:00:00]} Ncb6 {
[%emt 0:00:00]} 14. b3 {[%emt 0:00:00]} Nf6 {[%emt 0:00:00]} 15. Nfg5 {
[%emt 0:00:00]} Bf5 {[%emt 0:00:00]} 16. Bb2 {[%emt 0:00:00]} Nbd7 {
[%emt 0:00:00]} 17. Qc4 {[%emt 0:00:00]} Be6 {[%emt 0:00:00]} 18. Nxe6 {
[%emt 0:00:00]} Rxe6 {[%emt 0:00:00]} 19. Ng5 {[%emt 0:00:00]} Rxd6 {
[%emt 0:00:00]} 20. Nxf7 {[%emt 0:00:00]} Qc7 {[%emt 0:00:00]} 21. Nh6+ {
[%emt 0:00:00]} Kh8 {[%emt 0:00:00]} 22. Qg8+ {[%emt 0:00:13]} Nxg8 {
[%emt 0:00:00]} 23. Nf7# {[%emt 0:00:00]} 1-0


*

[Event "14e Tournoi des 55 ans et plus de Muret"]
[Site "MURET (31)"]
[Date "2015.06.22"]
[Round "6.9"]
[White "Heude, Jean-Noel"]
[Black "Schrader, Edmond"]
[Result "1/2-1/2"]
[WhiteElo "1370"]
[BlackElo "1673"]
[Annotator ",cash31"]
[PlyCount "50"]
[EventDate "2015.??.??"]

1. d4 {[%emt 0:00:00]} Nf6 {[%emt 0:00:00]} 2. c4 {[%emt 0:00:00]} g6 {
[%emt 0:00:00]} 3. Nc3 {[%emt 0:00:00]} d5 {[%emt 0:00:00]} 4. Nf3 {
[%emt 0:00:00]} Bg7 {[%emt 0:00:00]} 5. e3 {[%emt 0:00:00]} O-O {[%emt 0:00:00]
} 6. cxd5 {[%emt 0:00:00]} Nxd5 {[%emt 0:00:00]} 7. Bd2 {[%emt 0:00:00]} c5 {
[%emt 0:00:00]} 8. Bc4 {[%emt 0:00:00]} Nb6 {[%emt 0:00:00]} 9. Qb3 {
[%emt 0:00:00]} cxd4 {[%emt 0:00:00]} 10. exd4 {[%emt 0:00:00]} Bxd4 {
[%emt 0:00:00]} 11. Bxf7+ {[%emt 0:00:00]} Rxf7 {[%emt 0:00:00]} 12. O-O {
[%emt 0:00:00]} Bf6 {[%emt 0:00:00]} 13. Ng5 {[%emt 0:00:00]} Bxg5 {
[%emt 0:00:00]} 14. Bxg5 {[%emt 0:00:00]} Kg7 {[%emt 0:00:00]} 15. Rad1 {
[%emt 0:00:00]} Qc7 {[%emt 0:00:00]} 16. Rfe1 {[%emt 0:00:00]} Nc6 {
[%emt 0:00:00]} 17. Nb5 {[%emt 0:00:00]} Qb8 {[%emt 0:00:00]} 18. Qc3+ {
[%emt 0:00:00]} Kg8 {[%emt 0:00:00]} 19. Qc5 {[%emt 0:00:00]} Rf5 {
[%emt 0:00:00]} 20. Qe3 {[%emt 0:00:00]} Re5 {[%emt 0:00:00]} 21. Qc3 {
[%emt 0:00:00]} Rxe1+ {[%emt 0:00:00]} 22. Rxe1 {[%emt 0:00:00]} Bf5 {
[%emt 0:00:00]} 23. Bxe7 {[%emt 0:00:00]} Nxe7 {[%emt 0:00:00]} 24. Rxe7 {
[%emt 0:00:00]} Qf8 {[%emt 0:00:00]} 25. Qb3+ {[%emt 0:00:00]} Kh8 {
[%emt 0:00:00]} 1/2-1/2
*